Abreviatura de principios de sociología de H. Spencer / II /

El principal exponente del evolucionismo filosófico fue el inglés Herbert Spencer (Derby 1820 – Brighton 1903). De formación autodidacta, realizó investigaciones como naturalista, filósofo, psicólogo, antropólogo y sociólogo. Como positivista Spencer desarrolla su pensamiento en diversas áreas centr...

Disgrifiad llawn

Wedi'i Gadw mewn:
Manylion Llyfryddiaeth
Prif Awdur: Vela, Fernando (autor)
Fformat: Llyfr
Iaith:Sbaeneg
Cyfres:(Abreviaturas)
Pynciau:
Tagiau: Ychwanegu Tag
Dim Tagiau, Byddwch y cyntaf i dagio'r cofnod hwn!

MARC

LEADER 00000nam^a2200000^a^4500
001 000370743
005 20250521000000.0
009 20260310115913.27
037 |a Acervo Xavier Clavigero 
041 |a ESP 
082 |a 146. 7  |b SPE EST VEL V. 2 
100 |a Vela, Fernando  |e (autor) 
240 1 1 |a [Principios de sociología] 
245 1 0 |a Abreviatura de principios de sociología de H. Spencer /  |b II /  |c F. Vela. 
264 |a Buenos Aires, Argentina :  |b Revista de Occidente Argentina,  |c 1947 
300 |a 288 p. 
336 |a texto  |b txt  |2 rdacontenido 
337 |a sin mediación  |b n  |2 rdamedio 
338 |a volumen  |b nc  |2 rdasoporte 
440 1 |a (Abreviaturas) 
520 |a El principal exponente del evolucionismo filosófico fue el inglés Herbert Spencer (Derby 1820 – Brighton 1903). De formación autodidacta, realizó investigaciones como naturalista, filósofo, psicólogo, antropólogo y sociólogo. Como positivista Spencer desarrolla su pensamiento en diversas áreas centrado en la evolución social y aunque influenciado por la teoría de la evolución de Darwin no aceptaba la teoría de éste ya que señala que la evolución de los “órganos” se desarrolla por su uso y no por medio de la selección natural. Sus principales obras fueron: Estática social: el hombre contra el estado, El estudio de la sociología, Principios de la psicología, Educación: intelectual, moral y física. 
649 |a XX 
650 |a Profesiones 
650 |a Industria 
650 |a Instituciones Económicas 
650 |a Instituciones Religiosas 
650 |a Instituciones Políticas 
650 |a Sociedad -  |x Teoría 
650 |a Evolucionismo -  |x Tema Principal 
650 |a Positivismo 
650 |a Religión Primitiva 
650 |a Sociología -  |x Tema Principal 
650 |a Filosofía del Siglo XIX 
650 |a Filosofía Inglesa 
650 |a Ciencias Sociales 
910 |a Fondo General 
920 |a Impresos - Libros 
930 |a Colección General 
905 |a 101 
901 |a 048070  |b IT1  |c ACC  |u 20250521 
902 |a https://opac.biblio.iteso.mx/vufind/Record/000370743